Competitiveness on the Global Oilseeds Market
Konkurencieschopnosť na globálnom trhu s olejnatými semenami ovplyvňuje množstvo faktorov, vrátane technologických inovácií, obchodných politík, spotrebiteľských preferencií a cenových stratégií. Zdôraznenie potreby ďalšieho výskumu v tejto oblasti, aby sa zlepšilo porozumenie a optimalizovala konku...
Salvato in:
| Autore principale: | |
|---|---|
| Altri autori: | , |
| Natura: | Capitolo di libro |
| Lingua: | inglese |
| Soggetti: | |
| Tags: |
Nessun Tag, puoi essere il primo ad aggiungerne!!
|
MARC
| LEADER | 00000naa a2200000 4500 | ||
|---|---|---|---|
| 001 | 0295295 | ||
| 005 | 20241127131845.3 | ||
| 041 | 0 | |a eng | |
| 044 | |a KZ | ||
| 245 | 1 | 0 | |a Competitiveness on the Global Oilseeds Market |c Elena Kašťáková, Vladyslav Bato, Dominika Dubeňová |
| 520 | |a Konkurencieschopnosť na globálnom trhu s olejnatými semenami ovplyvňuje množstvo faktorov, vrátane technologických inovácií, obchodných politík, spotrebiteľských preferencií a cenových stratégií. Zdôraznenie potreby ďalšieho výskumu v tejto oblasti, aby sa zlepšilo porozumenie a optimalizovala konkurencieschopnosť v dynamickom odvetví olejnatých semien. | ||
| 610 | 2 | 0 | |a poľnohospodárstvo |
| 610 | 2 | 0 | |a obchod |
| 610 | 2 | 0 | |a oleje rastlinné |
| 610 | 2 | 0 | |a konkurencieschopnosť |
| 610 | 2 | 0 | |a Brazília |
| 610 | 2 | 0 | |a trh svetový |
| 610 | 2 | 0 | |a ponuka |
| 610 | 2 | 0 | |a dopyt |
| 100 | 1 | |a Kašťáková, Elena, 1974- | |
| 700 | 1 | |a Bato, Vladyslav, 2000- | |
| 700 | 1 | |a Dubeňová, Dominika | |